ნორმალური ფორმატი
MARC ფორმატი
ჩანაწერი Personal Name
ჩანაწერთა რაოდენობა, რომელიც გამოყენებულია: 1
001 - CONTROL NUMBER
- control field: 24832
003 - CONTROL NUMBER IDENTIFIER
- control field: GE_BSU
005 - DATE AND TIME OF LATEST TRANSACTION
- control field: 20250416113839.0
008 - FIXED-LENGTH DATA ELEMENTS
- fixed length control field: 250416|| aca||aabn | a|a d
040 ## - CATALOGING SOURCE
- Original cataloging agency: GE_BSU
- Transcribing agency: GE_BSU
100 ## - HEADING--PERSONAL NAME
- Personal name: ორაგველიძე, დ. (დავით)
- Relator term: რედაქტორი
670 ## - SOURCE DATA FOUND
- Source citation: Work cat.: (GE_BSU)53020: ორუელი, ჯ. (ჯორჯ, 1903-1950) 24828, რჩეული ნაწარმოებები : 2 ტომად. ტ. 2. 1984 :
